[Event "I Festival Costa Viola A"]
[Site "Bagnara Calabra ITA"]
[Date "2008.01.04"]
[Round "3"]
[White "Gad, Ahmad"]
[Black "Gambardella, Piero"]
[Result "1-0"]
[WhiteElo "1947"]
[BlackElo "2031"]
[PlyCount "39"]
[EventDate "2008.01.02"]

1. Nf3 Nf6 2. b3 g6 3. Bb2 Bg7 4. g3 O-O 5. Bg2 d5 6. d4 Ne4 7. O-O c5 8. Qc1
c4 9. bxc4 dxc4 10. Ne5 Bf5 11. g4 c3 12. Nxc3 Nxc3 13. Bxc3 Bc8 14. Qb2 Nd7
15. Rfd1 Nb6 16. h3 Be6 17. d5 Qc7 18. dxe6 Na4 19. exf7+ Rxf7 20. Qb3 1-0

[Event "I Festival Costa Viola A"]
[Site "Bagnara Calabra ITA"]
[Date "2008.01.04"]
[Round "3"]
[White "Ljubisavljevic, Zivojin Z."]
[Black "Valotta, Massimiliano"]
[Result "1-0"]
[WhiteElo "2272"]
[BlackElo "1906"]
[PlyCount "88"]
[EventDate "2008.01.02"]

1. e4 e5 2. Nf3 Nf6 3. Nc3 d6 4. Bc4 Be6 5. Bb3 Nbd7 6. d4 exd4 7. Nxd4 Nc5 8.
Qe2 Bg4 9. f3 Be6 10. Be3 a6 11. Nxe6 Nxe6 12. O-O-O Nd7 13. Bxe6 fxe6 14. Qc4
e5 15. h4 h6 16. g4 c6 17. g5 Qe7 18. Rhg1 Qf7 19. Qxf7+ Kxf7 20. f4 hxg5 21.
hxg5 g6 22. f5 Rh3 23. Bd2 gxf5 24. exf5 d5 25. Rh1 Rxh1 26. Rxh1 Kg7 27. Ne2
Bc5 28. f6+ Kf7 29. Ng3 e4 30. Bf4 Nf8 31. Nf5 Kg6 32. Nh4+ Kh5 33. Kd2 Ng6 34.
Nxg6+ Kxg6 35. Ke2 b6 36. c3 a5 37. b3 b5 38. a4 Ra7 39. Rh8 Kf5 40. Bd2 bxa4
41. bxa4 d4 42. cxd4 Bxd4 43. Rh4 c5 44. Rf4+ Kg6 1-0

[Event "I Festival Costa Viola A"]
[Site "Bagnara Calabra ITA"]
[Date "2008.01.04"]
[Round "3"]
[White "Marincolo, Piercarlo"]
[Black "Stromboli, Ettore"]
[Result "0-1"]
[WhiteElo "1939"]
[BlackElo "2303"]
[PlyCount "74"]
[EventDate "2008.01.02"]

1. d4 Nf6 2. Bg5 Ne4 3. Bf4 d5 4. e3 g6 5. Bd3 Bg7 6. Nd2 Nxd2 7. Qxd2 c5 8. c3
Nd7 9. Nf3 Qb6 10. Rd1 O-O 11. O-O Re8 12. Rfe1 e5 13. dxe5 Nxe5 14. Nxe5 Bxe5
15. Bxe5 Rxe5 16. f4 Re7 17. Qf2 Bg4 18. Rd2 Rae8 19. Bb1 Qe6 20. e4 dxe4 21.
Qxc5 Qf6 22. Qe3 Bd7 23. Rd4 Bc6 24. h3 h5 25. Rf1 Qf5 26. Re1 Rd7 27. Red1 Qc5
28. Kf2 Qf5 29. Bc2 Rxd4 30. Rxd4 g5 31. g3 Qxh3 32. Bb3 h4 33. fxg5 hxg3+ 34.
Ke2 Qh2+ 35. Ke1 g2 36. Bxf7+ Kxf7 37. Qf2+ Kg8 0-1

[Event "I Festival Costa Viola A"]
[Site "Bagnara Calabra ITA"]
[Date "2008.01.04"]
[Round "3"]
[White "Sabia, Corrado"]
[Black "Piccoli, Vincenzo"]
[Result "1-0"]
[WhiteElo "2174"]
[BlackElo "1950"]
[PlyCount "51"]
[EventDate "2008.01.02"]

1. e4 c5 2. Nf3 d6 3. d4 cxd4 4. Nxd4 Nf6 5. Nc3 a6 6. Be2 e6 7. O-O Nbd7 8. f4
b5 9. Bf3 Bb7 10. Re1 b4 11. Nd5 Be7 12. Nxe7 Qxe7 13. e5 Bxf3 14. Qxf3 Nd5 15.
Nc6 Qh4 16. g3 Qh3 17. Nxb4 N5b6 18. exd6 O-O 19. Be3 Nc4 20. b3 Nxe3 21. Rxe3
Nf6 22. Rd1 Ng4 23. Re2 Qh5 24. Nc6 Qc5+ 25. Kg2 Qh5 26. d7 1-0

[Event "I Festival Costa Viola A"]
[Site "Bagnara Calabra ITA"]
[Date "2008.01.04"]
[Round "4"]
[White "Collutiis, Duilio"]
[Black "Drasko, Milan"]
[Result "1/2-1/2"]
[WhiteElo "2402"]
[BlackElo "2540"]
[PlyCount "26"]
[EventDate "2008.01.02"]

1. e4 e6 2. d4 d5 3. e5 c5 4. c3 Nc6 5. Nf3 Bd7 6. Be2 Nge7 7. Na3 cxd4 8. cxd4
Nf5 9. Nc2 Qa5+ 10. Bd2 Qb6 11. Bc3 a5 12. O-O Be7 13. Qd2 O-O 1/2-1/2

[Event "I Festival Costa Viola A"]
[Site "Bagnara Calabra ITA"]
[Date "2008.01.04"]
[Round "4"]
[White "Cordi', Domenico"]
[Black "Sabia, Corrado"]
[Result "0-1"]
[WhiteElo "2045"]
[BlackElo "2174"]
[PlyCount "66"]
[EventDate "2008.01.02"]

1. d4 d5 2. c4 c6 3. Nc3 Nf6 4. Nf3 dxc4 5. a4 Bf5 6. e3 e6 7. Bxc4 Bb4 8. Bd2
O-O 9. O-O Nbd7 10. Qe2 Bg6 11. h3 Qe7 12. Ne5 Rad8 13. f4 c5 14. Kh1 cxd4 15.
exd4 Nb6 16. a5 Nxc4 17. Qxc4 a6 18. Ra4 Bd6 19. Qe2 Bc2 20. Raa1 Nd5 21. Ne4
Bxe4 22. Qxe4 f5 23. Qe1 Nf6 24. Nc4 Rfe8 25. Bc3 Qc7 26. Ne5 Bxe5 27. fxe5 Ne4
28. Rf3 Qc4 29. Kh2 Qd5 30. Re3 Rc8 31. Ra3 Rc6 32. Qe2 Rec8 33. g4 Rf8 0-1

[Event "I Festival Costa Viola A"]
[Site "Bagnara Calabra ITA"]
[Date "2008.01.04"]
[Round "4"]
[White "Efimov, Igor"]
[Black "Stromboli, Ettore"]
[Result "1/2-1/2"]
[WhiteElo "2468"]
[BlackElo "2303"]
[PlyCount "35"]
[EventDate "2008.01.02"]

1. d4 Nf6 2. c4 e6 3. Nf3 b6 4. a3 Ba6 5. Qc2 Bb7 6. Nc3 c5 7. e4 cxd4 8. Nxd4
Bc5 9. Nb3 Nc6 10. Bf4 e5 11. Bg5 h6 12. Bh4 Nd4 13. Nxd4 Bxd4 14. Bd3 O-O 15.
Nb5 Bc5 16. b4 a6 17. bxc5 axb5 18. cxb5 1/2-1/2

[Event "I Festival Costa Viola A"]
[Site "Bagnara Calabra ITA"]
[Date "2008.01.04"]
[Round "4"]
[White "Gambardella, Piero"]
[Black "Serratore, Vincenzo"]
[Result "1-0"]
[WhiteElo "2031"]
[BlackElo "1939"]
[PlyCount "113"]
[EventDate "2008.01.02"]

1. d4 d5 2. c4 e5 3. dxe5 d4 4. Nf3 Nc6 5. g3 Bg4 6. Bg2 Nge7 7. Nbd2 Ng6 8.
O-O Be7 9. Qb3 Rb8 10. Rd1 O-O 11. h3 Be6 12. Ne4 Ngxe5 13. Neg5 Nxf3+ 14. Nxf3
Na5 15. Qc2 c5 16. Bf4 Rc8 17. b3 Nc6 18. a3 a5 19. Ne5 Bf6 20. Nxc6 bxc6 21.
Rab1 h5 22. b4 axb4 23. axb4 cxb4 24. Rxb4 g5 25. Bc1 Qd7 26. Kh2 Rb8 27. Ba3
Rxb4 28. Bxb4 Rb8 29. Bc5 Bf5 30. Qa4 Rc8 31. Bxd4 Bxd4 32. e3 Qe6 33. Rxd4 c5
34. Rd5 f6 35. Qa7 Kh8 36. Rxc5 h4 37. Rxc8+ Qxc8 38. Qf7 hxg3+ 39. fxg3 Qa6
40. e4 Bh7 41. e5 Bg8 42. Qg6 g4 43. Qh6+ Bh7 44. Qxf6+ Qxf6 45. exf6 gxh3 46.
Bd5 Bf5 47. Kg1 Kh7 48. Kf2 Kg6 49. f7 Kg7 50. c5 Kf8 51. Ke3 Bc8 52. c6 h2 53.
Kf4 Be6 54. c7 Ke7 55. f8=Q+ Kxf8 56. Bxe6 h1=Q 57. c8=Q+ 1-0

[Event "I Festival Costa Viola A"]
[Site "Bagnara Calabra ITA"]
[Date "2008.01.04"]
[Round "4"]
[White "Ljubisavljevic, Zivojin Z."]
[Black "Bentivegna, Francesco"]
[Result "1/2-1/2"]
[WhiteElo "2272"]
[BlackElo "2359"]
[PlyCount "24"]
[EventDate "2008.01.02"]

1. e4 e5 2. Nf3 Nc6 3. Nc3 Nf6 4. d4 exd4 5. Nxd4 Bc5 6. Be3 Bb6 7. Nxc6 bxc6
8. Bxb6 axb6 9. Bd3 d6 10. O-O O-O 11. f4 Re8 12. Qf3 Ba6 1/2-1/2

[Event "I Festival Costa Viola A"]
[Site "Bagnara Calabra ITA"]
[Date "2008.01.04"]
[Round "4"]
[White "Napoli, Nicolo'"]
[Black "Marincolo, Piercarlo"]
[Result "1-0"]
[WhiteElo "2292"]
[BlackElo "1939"]
[PlyCount "77"]
[EventDate "2008.01.02"]

1. c4 f5 2. d4 Nf6 3. Nc3 g6 4. h4 d6 5. Bg5 Bg7 6. e3 Be6 7. Nh3 c6 8. Nf4 Bf7
9. h5 O-O 10. hxg6 hxg6 11. Qf3 Nh7 12. Rxh7 Kxh7 13. Bd3 Rh8 14. g4 Qd7 15.
Nxg6 Bxg6 16. gxf5 Kg8 17. fxg6 e6 18. d5 Na6 19. dxe6 Qxe6 20. O-O-O Rf8 21.
Qg3 Nc5 22. Bc2 Rh3 23. Qg2 Rff3 24. Ne2 Qe5 25. Nd4 Ne6 26. Bh4 Nxd4 27. Rxd4
Qh2 28. Qg4 Rf8 29. Bf5 Rxe3 30. fxe3 Bxd4 31. Be6+ Kg7 32. Qxd4+ Qe5 33. Bf7
Rh8 34. Bg3 Rh1+ 35. Kc2 Qxd4 36. exd4 d5 37. Be5+ Kf8 38. cxd5 cxd5 39. Bxd5
1-0

[Event "I Festival Costa Viola A"]
[Site "Bagnara Calabra ITA"]
[Date "2008.01.04"]
[Round "4"]
[White "Piccoli, Vincenzo"]
[Black "Blasco, Domenico"]
[Result "0-1"]
[WhiteElo "1950"]
[BlackElo "2022"]
[PlyCount "96"]
[EventDate "2008.01.02"]

1. e4 g6 2. d4 Bg7 3. Nc3 d6 4. Bg5 a6 5. Qd2 Nd7 6. f4 b5 7. Nf3 c5 8. O-O-O
Bb7 9. Kb1 cxd4 10. Nxd4 Nc5 11. Re1 Nf6 12. e5 Nfe4 13. Nxe4 Nxe4 14. Rxe4
Bxe4 15. Qe1 dxe5 16. Qxe4 exd4 17. Bxe7 f5 18. Qb7 Qc8 19. Qxc8+ Rxc8 20. Bb4
Kd7 21. Bd3 Kc6 22. Kc1 Rhe8 23. a4 bxa4 24. Bxa6 Ra8 25. Bc4 Bf8 26. Bxf8 Rxf8
27. Re1 Rfe8 28. Rxe8 Rxe8 29. Kd2 Kc5 30. Bf7 Rb8 31. Kc1 Rb7 32. Bg8 Re7 33.
Kd2 Rb7 34. Kc1 h6 35. h4 Rg7 36. Ba2 g5 37. fxg5 hxg5 38. h5 Rh7 39. Be6 Rxh5
40. Bxf5 Rh1+ 41. Kd2 Rb1 42. Bd7 Kb4 43. c3+ dxc3+ 44. bxc3+ Kb3 45. Be6+ Kb2
46. c4 a3 47. c5 Rc1 48. Ba2 Rxc5 0-1

[Event "I Festival Costa Viola A"]
[Site "Bagnara Calabra ITA"]
[Date "2008.01.04"]
[Round "4"]
[White "Stromboli, Carlo"]
[Black "Gad, Ahmad"]
[Result "1-0"]
[WhiteElo "2257"]
[BlackElo "1947"]
[PlyCount "101"]
[EventDate "2008.01.02"]

1. e4 c5 2. Nf3 d6 3. d4 cxd4 4. Nxd4 Nf6 5. Nc3 a6 6. Be3 Ng4 7. Bg5 h6 8. Bh4
g5 9. Bg3 Bg7 10. Be2 h5 11. Nf5 Bxf5 12. exf5 Qa5 13. O-O Bxc3 14. bxc3 Qxf5
15. h3 Nf6 16. Bf3 Nc6 17. Re1 Kf8 18. Bxc6 bxc6 19. Rxe7 Nd5 20. Re1 Rh6 21.
Qd4 Qf6 22. Rad1 Qxd4 23. Rxd4 Nf4 24. Bxf4 gxf4 25. Rxf4 d5 26. Re5 Rb8 27.
Rb4 Rb5 28. Kf1 Rc5 29. c4 h4 30. Ke2 Re6 31. Rxe6 fxe6 32. Ra4 a5 33. Ke3 dxc4
34. f4 Kf7 35. Kd4 Rf5 36. Ke4 Ke7 37. Rxc4 Kd6 38. Rd4+ Kc7 39. Kd3 Kb6 40.
Re4 Rf6 41. Kd4 Rf5 42. Ke3 Rf6 43. Re5 Rh6 44. Ke4 c5 45. a4 Kc6 46. Rg5 Kd6
47. Rg8 Rh5 48. c4 Kc6 49. Ra8 Kb6 50. Re8 Rh6 51. Ke5 1-0

[Event "I Festival Costa Viola A"]
[Site "Bagnara Calabra ITA"]
[Date "2008.01.04"]
[Round "4"]
[White "Valotta, Massimiliano"]
[Black "Scerbo, Antonio"]
[Result "0-1"]
[WhiteElo "1906"]
[BlackElo "2098"]
[PlyCount "52"]
[EventDate "2008.01.02"]

1. e4 c5 2. Nf3 Nc6 3. a3 e6 4. g3 d5 5. e5 Qc7 6. Qe2 Nge7 7. d3 Ng6 8. Bf4 f6
9. exf6 Nxf4 10. fxg7 Bxg7 11. gxf4 Qxf4 12. Nc3 O-O 13. Bg2 Bd7 14. Qe3 Qg4
15. Qg5 Qxg5 16. Nxg5 Nd4 17. Rc1 Rf5 18. h4 Raf8 19. Rf1 Rf4 20. a4 Rxh4 21.
Nxd5 Rg4 22. Ne7+ Kh8 23. Nxh7 Rxg2 24. Rh1 Rfxf2 25. Nf8+ Rh2 26. Nfg6+ Kh7
0-1

[Event "I Festival Costa Viola A"]
[Site "Bagnara Calabra ITA"]
[Date "2008.01.05"]
[Round "5"]
[White "Blasco, Domenico"]
[Black "Stromboli, Carlo"]
[Result "0-1"]
[WhiteElo "2022"]
[BlackElo "2257"]
[PlyCount "60"]
[EventDate "2008.01.02"]

1. d4 Nf6 2. Nf3 b6 3. e3 Bb7 4. Nbd2 e6 5. Bd3 Be7 6. O-O g5 7. e4 g4 8. Ne5
h5 9. f3 d6 10. Nec4 c5 11. c3 Nc6 12. fxg4 hxg4 13. d5 exd5 14. exd5 Nxd5 15.
Qxg4 Nf6 16. Qf5 Rh5 17. Qf4 d5 18. g4 dxc4 19. Bxc4 Rh4 20. Ne4 Rxg4+ 21. Qxg4
Nxg4 22. Bxf7+ Kd7 23. Rd1+ Nd4 24. cxd4 Bxe4 25. dxc5+ Kc6 26. Rxd8 Bxc5+ 27.
Kf1 Nxh2+ 28. Ke2 Rxd8 29. Bg5 Rf8 30. Bb3 Rf2+ 0-1

[Event "I Festival Costa Viola A"]
[Site "Bagnara Calabra ITA"]
[Date "2008.01.05"]
[Round "5"]
[White "Drasko, Milan"]
[Black "Bentivegna, Francesco"]
[Result "1/2-1/2"]
[WhiteElo "2540"]
[BlackElo "2359"]
[PlyCount "24"]
[EventDate "2008.01.02"]

1. d4 Nf6 2. c4 e6 3. Nc3 Bb4 4. Qc2 d5 5. cxd5 exd5 6. a3 Bxc3+ 7. bxc3 c5 8.
Bg5 Be6 9. e3 Nbd7 10. Bd3 Qa5 11. f3 c4 12. Be2 Bf5 1/2-1/2

[Event "I Festival Costa Viola A"]
[Site "Bagnara Calabra ITA"]
[Date "2008.01.05"]
[Round "5"]
[White "Gad, Ahmad"]
[Black "Valotta, Massimiliano"]
[Result "1-0"]
[WhiteElo "1947"]
[BlackElo "1906"]
[PlyCount "95"]
[EventDate "2008.01.02"]

1. Nf3 d5 2. b3 c5 3. e3 Bg4 4. h3 Bh5 5. Bb2 Nc6 6. Bb5 Qb6 7. a4 a6 8. Bxc6+
bxc6 9. d3 f6 10. d4 c4 11. a5 Qb7 12. Ba3 cxb3 13. cxb3 Rb8 14. Nbd2 Qb5 15.
Qe2 Qxa5 16. O-O Qb5 17. Qxb5 axb5 18. Bb4 e6 19. Bxf8 Kxf8 20. b4 Ne7 21. Ra6
Kf7 22. Rfa1 Bxf3 23. gxf3 e5 24. Nb3 Ke6 25. Nc5+ Kd6 26. Ra7 Rhd8 27. Nb7+
Rxb7 28. Rxb7 exd4 29. exd4 Nf5 30. Kg2 h5 31. Ra6 g5 32. Rxb5 Nxd4 33. Rb7 Ke5
34. Kg3 Rd6 35. Rc7 h4+ 36. Kg4 f5+ 37. Kh5 Kf4 38. b5 Nxb5 39. Rcxc6 Rxc6 40.
Rxc6 Nd4 41. Rc5 Ke5 42. f4+ Kxf4 43. Rxd5 Ne6 44. Kg6 Ke4 45. Rxf5 Nf4+ 46.
Kxg5 Nxh3+ 47. Kg4 Ng1 48. Rf4+ 1-0

[Event "I Festival Costa Viola A"]
[Site "Bagnara Calabra ITA"]
[Date "2008.01.05"]
[Round "5"]
[White "Marincolo, Piercarlo"]
[Black "Cordi', Domenico"]
[Result "0-1"]
[WhiteElo "1939"]
[BlackElo "2045"]
[PlyCount "144"]
[EventDate "2008.01.02"]

1. e4 c5 2. Nf3 e6 3. c3 d5 4. e5 Ne7 5. d4 Nec6 6. Be2 Be7 7. h4 h6 8. Be3 b6
9. Qd2 Ba6 10. Bxa6 Nxa6 11. Qe2 Nc7 12. Nbd2 c4 13. g4 g6 14. h5 g5 15. Nh2 b5
16. f4 gxf4 17. Bxf4 b4 18. Qf3 Qd7 19. Rf1 Nb5 20. Qg3 O-O-O 21. Ke2 Rdg8 22.
a4 Nc7 23. b3 bxc3 24. Qxc3 Bb4 25. Qe3 Na5 26. bxc4 Bxd2 27. Qxd2 Nxc4 28. Qb4
Qc6 29. Rab1 Qa6 30. Kf3 Kd7 31. Kg3 Qa5 32. Qxa5 Nxa5 33. Bd2 Nc4 34. Rxf7+
Kc8 35. Bf4 Nb6 36. Nf3 Kd8 37. a5 Nd7 38. Be3 Ke8 39. Rf4 Rh7 40. Nh4 Kd8 41.
Rb7 Kc8 42. Rb2 a6 43. Ng6 Nb5 44. Rc2+ Kb7 45. Rcf2 Nc3 46. Kh4 Ne4 47. R2f3
Ng5 48. Rf1 Kc6 49. Nf8 Nxf8 50. Rxf8 Rgg7 51. R8f6 Kb5 52. Bxg5 hxg5+ 53. Kg3
Re7 54. Rg6 Kxa5 55. Rxg5 Kb4 56. Rg8 Kc4 57. Rf4 Ra7 58. Rb8 a5 59. Kh4 a4 60.
g5 a3 61. Rb1 a2 62. Ra1 Rhb7 63. Rf2 Kxd4 64. g6 Kxe5 65. Kg5 Rb1 66. Rf1 Rxf1
67. Rxf1 a1=Q 68. Rxa1 Rxa1 69. Kh6 Kf6 70. Kh7 Rg1 71. Kh6 d4 72. g7 Rg2 0-1

[Event "I Festival Costa Viola A"]
[Site "Bagnara Calabra ITA"]
[Date "2008.01.05"]
[Round "5"]
[White "Napoli, Nicolo'"]
[Black "Ljubisavljevic, Zivojin Z."]
[Result "1-0"]
[WhiteElo "2292"]
[BlackElo "2272"]
[PlyCount "65"]
[EventDate "2008.01.02"]

1. d4 g6 2. h4 d6 3. h5 Nf6 4. hxg6 fxg6 5. Nc3 Bg7 6. e4 Nc6 7. Nh3 Bxh3 8.
Rxh3 e5 9. Bb5 a6 10. Bxc6+ bxc6 11. dxe5 dxe5 12. Qe2 O-O 13. Bg5 Qe8 14.
O-O-O a5 15. Rdh1 h5 16. Qc4+ Qf7 17. Qxc6 Ng4 18. Rf3 Qe8 19. Qc4+ Kh7 20. Nd5
Nxf2 21. Rxf8 Qxf8 22. Rf1 Bh6 23. Qxc7+ Kh8 24. Qxe5+ Bg7 25. Bf6 Ng4 26. Qe6
Nxf6 27. Nxf6 a4 28. g4 Rd8 29. e5 Bxf6 30. exf6 a3 31. f7 axb2+ 32. Kb1 Rd6
33. Qxd6 1-0

[Event "I Festival Costa Viola A"]
[Site "Bagnara Calabra ITA"]
[Date "2008.01.05"]
[Round "5"]
[White "Sabia, Corrado"]
[Black "Efimov, Igor"]
[Result "0-1"]
[WhiteElo "2174"]
[BlackElo "2468"]
[PlyCount "56"]
[EventDate "2008.01.02"]

1. e4 e5 2. Nf3 Nc6 3. Nc3 d6 4. Bb5 Bd7 5. d4 Nge7 6. d5 Nb8 7. Bxd7+ Nxd7 8.
Nd2 Ng6 9. Nc4 Be7 10. a4 O-O 11. a5 a6 12. b4 Rc8 13. Be3 b5 14. Nd2 c5 15.
dxc6 Rxc6 16. Nd5 Nf6 17. c4 bxc4 18. Qa4 Qa8 19. Nb6 Qb7 20. b5 Rc7 21. f3 c3
22. Ndc4 d5 23. bxa6 Qxa6 24. exd5 Nxd5 25. Nxd5 Rxc4 26. Nxe7+ Nxe7 27. Qd7
Rb4 28. Bb6 Rxb6 0-1

[Event "I Festival Costa Viola A"]
[Site "Bagnara Calabra ITA"]
[Date "2008.01.05"]
[Round "5"]
[White "Scerbo, Antonio"]
[Black "Gambardella, Piero"]
[Result "1/2-1/2"]
[WhiteElo "2098"]
[BlackElo "2031"]
[PlyCount "48"]
[EventDate "2008.01.02"]

1. d4 Nf6 2. Nf3 e6 3. Bg5 d5 4. e3 Be7 5. c4 O-O 6. Nc3 h6 7. Bh4 b6 8. Rc1
Bb7 9. Bd3 c5 10. O-O Nbd7 11. Qe2 Rc8 12. Ne5 cxd4 13. exd4 dxc4 14. Bxc4 Nxe5
15. dxe5 Nd7 16. Bxe7 Qxe7 17. Nb5 Rc5 18. f4 Ba6 19. Nd6 Bxc4 20. Rxc4 f6 21.
Rxc5 Nxc5 22. b4 Nd7 23. Rc1 fxe5 24. fxe5 Qg5 1/2-1/2

[Event "I Festival Costa Viola A"]
[Site "Bagnara Calabra ITA"]
[Date "2008.01.05"]
[Round "5"]
[White "Serratore, Vincenzo"]
[Black "Piccoli, Vincenzo"]
[Result "0-1"]
[WhiteElo "1939"]
[BlackElo "1950"]
[PlyCount "92"]
[EventDate "2008.01.02"]

1. d4 Nf6 2. Nf3 b6 3. e3 Bb7 4. Bd3 e6 5. Nbd2 Be7 6. Qe2 c5 7. c3 Nc6 8. O-O
O-O 9. Ne5 Qc7 10. f4 d6 11. Ng4 Rfe8 12. Nxf6+ Bxf6 13. Ne4 Be7 14. Qh5 f5 15.
Ng5 Bxg5 16. fxg5 Nd8 17. Bd2 g6 18. Qh4 Nf7 19. Qg3 Qe7 20. h4 Be4 21. Bxe4
fxe4 22. Rf6 d5 23. Raf1 Rf8 24. h5 Nh8 25. h6 Rxf6 26. gxf6 Qf8 27. Qh3 Re8
28. dxc5 bxc5 29. c4 Nf7 30. cxd5 exd5 31. Rf4 Qd6 32. Qh4 Re5 33. a3 Qa6 34.
Qf2 Qd3 35. Bc3 Rh5 36. Qg3 Rg5 37. Rg4 Qd1+ 38. Be1 Re5 39. Rxg6+ hxg6 40.
Qxg6+ Kf8 41. Qg7+ Ke8 42. Qg8+ Kd7 43. Qxf7+ Kc6 44. Kh2 Rh5+ 45. Kg3 Qxe1+
46. Kg4 Qh4# 0-1

[Event "I Festival Costa Viola A"]
[Site "Bagnara Calabra ITA"]
[Date "2008.01.05"]
[Round "5"]
[White "Stromboli, Ettore"]
[Black "Collutiis, Duilio"]
[Result "1/2-1/2"]
[WhiteElo "2303"]
[BlackElo "2402"]
[PlyCount "22"]
[EventDate "2008.01.02"]

1. e4 c5 2. Nf3 e6 3. d4 cxd4 4. Nxd4 a6 5. c4 Nf6 6. Nc3 Bb4 7. Bd3 Nc6 8.
Nde2 Qc7 9. Bf4 Ne5 10. Rc1 Qd6 11. O-O Nfg4 1/2-1/2

[Event "I Festival Costa Viola A"]
[Site "Bagnara Calabra ITA"]
[Date "2008.01.05"]
[Round "6"]
[White "Bentivegna, Francesco"]
[Black "Collutiis, Duilio"]
[Result "0-1"]
[WhiteElo "2359"]
[BlackElo "2402"]
[PlyCount "89"]
[EventDate "2008.01.02"]

1. d4 Nf6 2. Bg5 Ne4 3. Bh4 c6 4. Nd2 Qa5 5. c3 Qh5 6. Nxe4 Qxh4 7. Ng3 d6 8.
e4 e5 9. Bd3 g6 10. N1e2 Bh6 11. O-O O-O 12. Bc4 Nd7 13. Bb3 Kh8 14. dxe5 dxe5
15. Qd6 Qf6 16. Qc7 Nc5 17. Rad1 Na6 18. Qd6 Qxd6 19. Rxd6 Nc5 20. Bc4 Ne6 21.
Rfd1 Bg5 22. a3 Be7 23. R6d2 Kg7 24. Nc1 h5 25. f3 Bg5 26. Rd6 Nf4 27. Nge2 Be7
28. R6d2 Be6 29. Bxe6 Nxe6 30. Nd3 Bg5 31. Rc2 Rad8 32. Nf2 Rxd1+ 33. Nxd1 Rd8
34. Nf2 Be3 35. Kf1 Nc5 36. b4 Na4 37. Nc1 Rd2 38. Rxd2 Bxd2 39. Ncd3 Bxc3 40.
Ke2 Bd4 41. Nd1 Kf6 42. f4 exf4 43. Nxf4 Ke5 44. Kf3 b6 45. Nd3+ {...} 0-1

[Event "I Festival Costa Viola A"]
[Site "Bagnara Calabra ITA"]
[Date "2008.01.05"]
[Round "6"]
[White "Cordi', Domenico"]
[Black "Ljubisavljevic, Zivojin Z."]
[Result "0-1"]
[WhiteElo "2045"]
[BlackElo "2272"]
[PlyCount "68"]
[EventDate "2008.01.02"]

1. d4 d5 2. Nf3 c6 3. g3 Bg4 4. Bg2 Nd7 5. Nbd2 e6 6. O-O Bxf3 7. Nxf3 Bd6 8.
e4 dxe4 9. Ng5 Ngf6 10. Nxe4 Nxe4 11. Bxe4 h5 12. c4 Nf6 13. Bg2 h4 14. Re1
hxg3 15. hxg3 Qc7 16. d5 O-O-O 17. dxc6 bxc6 18. Qa4 Rh5 19. Be3 Ra5 20. Qxc6
Qxc6 21. Bxc6 Ng4 22. Bg2 Nxe3 23. Rxe3 Bc5 24. Re2 Bd4 25. a3 Kc7 26. Ra2 Rg5
27. Kf1 e5 28. b4 f5 29. Rad2 Rh5 30. Rd1 g5 31. f4 gxf4 32. gxf4 Rh4 33. fxe5
Rf4+ 34. Ke1 Bc3+ 0-1

[Event "I Festival Costa Viola A"]
[Site "Bagnara Calabra ITA"]
[Date "2008.01.05"]
[Round "6"]
[White "Gad, Ahmad"]
[Black "Blasco, Domenico"]
[Result "1/2-1/2"]
[WhiteElo "1947"]
[BlackElo "2022"]
[PlyCount "83"]
[EventDate "2008.01.02"]

1. e4 g6 2. d4 Bg7 3. Nc3 d6 4. f4 a6 5. a4 b6 6. Nf3 Nd7 7. Bc4 e6 8. O-O Ne7
9. Be3 Bb7 10. Qe1 O-O 11. Rd1 d5 12. Bd3 c5 13. e5 Nc6 14. Kh1 cxd4 15. Nxd4
Nxd4 16. Bxd4 Re8 17. Qf2 Bf8 18. Ne2 Bc5 19. c3 Rc8 20. h4 Qe7 21. g3 f6 22.
Qe3 fxe5 23. fxe5 Rf8 24. Nf4 Rf7 25. Qe2 Kh8 26. Qg4 Nf8 27. Nh3 Rf5 28. Bxf5
exf5 29. Qg5 Ne6 30. Qxe7 Bxe7 31. Bxb6 d4+ 32. Kh2 dxc3 33. bxc3 Bc5 34. Bxc5
Rxc5 35. Rd6 Rxe5 36. Rdd1 Nc5 37. Rfe1 Be4 38. Ng5 Kg7 39. Rd4 Re7 40. Kg1 Rb7
41. Rb4 Rd7 42. Rd4 1/2-1/2

[Event "I Festival Costa Viola A"]
[Site "Bagnara Calabra ITA"]
[Date "2008.01.05"]
[Round "6"]
[White "Gambardella, Piero"]
[Black "Valotta, Massimiliano"]
[Result "1-0"]
[WhiteElo "2031"]
[BlackElo "1906"]
[PlyCount "43"]
[EventDate "2008.01.02"]

1. d4 Nf6 2. c4 d5 3. cxd5 Nxd5 4. Nf3 Bg4 5. Ne5 Bh5 6. Qb3 Nb6 7. Bf4 Qxd4 8.
e3 Qd5 9. Nc3 Qxb3 10. axb3 e6 11. g4 f6 12. gxh5 fxe5 13. Bxe5 N8d7 14. Bxc7
e5 15. Bh3 Bb4 16. O-O-O Rf8 17. Rhg1 Rf7 18. Be6 Re7 19. Bf5 Nf6 20. Bd6 Bxd6
21. Rxd6 Rd8 22. Rxf6 1-0

[Event "I Festival Costa Viola A"]
[Site "Bagnara Calabra ITA"]
[Date "2008.01.05"]
[Round "6"]
[White "Piccoli, Vincenzo"]
[Black "Scerbo, Antonio"]
[Result "0-1"]
[WhiteElo "1950"]
[BlackElo "2098"]
[PlyCount "86"]
[EventDate "2008.01.02"]

1. e4 c5 2. Nf3 Nc6 3. d4 cxd4 4. Nxd4 Nf6 5. Nc3 e5 6. Ndb5 d6 7. Bg5 a6 8.
Na3 b5 9. Nd5 Be7 10. Bxf6 Bxf6 11. c4 b4 12. Nc2 Rb8 13. b3 O-O 14. g3 Bg5 15.
Bg2 g6 16. O-O f5 17. Qd3 Be6 18. Rad1 Qd7 19. Nde3 Rfd8 20. h4 Bxe3 21. Qxe3
Qe7 22. Rd2 f4 23. gxf4 Qxh4 24. f5 Bf7 25. Rfd1 Qf6 26. fxg6 Bxg6 27. Rd5 Bh5
28. R1d2 Ne7 29. Ra5 Ng6 30. Rxa6 Nf4 31. Kf1 Kh8 32. Ne1 Rg8 33. f3 Rbf8 34.
Raxd6 Qg5 35. Rf2 Qg3 36. Qc5 Nxg2 37. Rxg2 Rxf3+ 38. Nxf3 Qxg2+ 39. Ke1 Qg3+
40. Kd2 Bxf3 41. Qe3 Qh2+ 42. Kd3 Bd1 43. c5 Qc2# 0-1

[Event "I Festival Costa Viola A"]
[Site "Bagnara Calabra ITA"]
[Date "2008.01.05"]
[Round "6"]
[White "Serratore, Vincenzo"]
[Black "Marincolo, Piercarlo"]
[Result "0-1"]
[WhiteElo "1939"]
[BlackElo "1939"]
[PlyCount "142"]
[EventDate "2008.01.02"]

1. d4 Nf6 2. Nf3 c5 3. e3 g6 4. Bd3 Bg7 5. c3 d5 6. dxc5 Nc6 7. O-O e5 8. Bb5
Qc7 9. h3 O-O 10. Bxc6 bxc6 11. Nbd2 Nd7 12. b4 e4 13. Nd4 Ne5 14. f3 Ba6 15.
fxe4 Bxf1 16. Qxf1 Rae8 17. exd5 cxd5 18. N2f3 Nc4 19. Qd3 Bh6 20. Nc2 Qd7 21.
a4 a6 22. Nfd4 Qe7 23. c6 Rb8 24. b5 axb5 25. axb5 Qc5 26. Nb4 Ne5 27. Qc2 Rxb5
28. Na6 Qb6 29. Nxb5 Qxb5 30. c7 Rc8 31. Qb1 Qc6 32. Qb8 Qd7 33. Rb1 Nc6 34.
Qb5 Bf8 35. Qd3 Bd6 36. Rb7 Qe6 37. Qb5 h5 38. Kh1 Qf5 39. Ba3 Bg3 40. Qe2 h4
41. Bc5 Kh7 42. Qd1 Qe6 43. Rb6 Rxc7 44. Nxc7 Bxc7 45. Rb7 Qe5 46. Rxc7 Qxc7
47. Qxd5 Nd8 48. e4 Ne6 49. Bg1 Qxc3 50. Qd7 Qf6 51. e5 Qf5 52. Qa4 g5 53. Qd1
Kg6 54. Qd6 Qf4 55. Bh2 Qf1+ 56. Bg1 Kf5 57. Qd2 Kxe5 58. Qe3+ Kf5 59. g4+ hxg3
60. Qxg3 Nf4 61. Kh2 Qe2+ 62. Bf2 Nd3 63. Kg2 Qxf2+ 64. Qxf2+ Nxf2 65. Kxf2 Kf4
66. Kg2 Ke3 67. Kg3 f5 68. Kg2 f4 69. Kf1 Kf3 70. h4 gxh4 71. Kg1 Kg3 0-1

[Event "I Festival Costa Viola A"]
[Site "Bagnara Calabra ITA"]
[Date "2008.01.05"]
[Round "6"]
[White "Stromboli, Carlo"]
[Black "Sabia, Corrado"]
[Result "1-0"]
[WhiteElo "2257"]
[BlackElo "2174"]
[PlyCount "67"]
[EventDate "2008.01.02"]

1. e4 c5 2. Nf3 e6 3. Nc3 a6 4. d4 cxd4 5. Nxd4 Qc7 6. Bd3 Nf6 7. f4 d6 8. Qe2
Nbd7 9. a4 b6 10. Bd2 Bb7 11. O-O g6 12. Rae1 e5 13. Nb3 Bg7 14. f5 O-O 15. Qf3
Rae8 16. g4 d5 17. g5 Nxe4 18. Nxe4 dxe4 19. Bxe4 Bxe4 20. Qxe4 gxf5 21. Rxf5
a5 22. Rf3 Rc8 23. Qf5 e4 24. Rh3 h6 25. gxh6 Be5 26. Rg3+ Kh8 27. Rg7 Nf6 28.
Bg5 Bxh2+ 29. Kh1 Qe5 30. Qxf6 Qxf6 31. Bxf6 Rc6 32. Rf1 Be5 33. Rxf7+ Rxf6 34.
Rxf8+ 1-0